MDQL
is popping MORE tags! Check the
thread
!
Quizzes
Events
Quiz Creation
Community
Videos
Private Events
Remove Ads
Sign In
Join for FREE
Feedback
Dark Mode
Quiz Categories
Sports
Geography
Music
Movies
Television
Just For Fun
Miscellaneous
History
Literature
Language
Science
Gaming
Entertainment
Religion
Holiday
For Kids
Quiz Lab
Recent
Popular Today
Quiz Kudos Today
Editor Picks
Curator Picks
Quizzes by...
Day
Popularity
Type
Ratings
Length
Year
Community
Subscriptions
Recent Discussions
Orange Saloon
Badges
Playlists
Quests
Create
Leaderboards
Showdown
Live 5
Trivia Bingo
Activity
Puzzle Library
Sporcle Events
Private Events
Virtual Trivia
Globe League
Become a Host
Pub Owners
SporcleCon
Opinionation
Our Games
Videos
Blog
Mobile Apps
Partnerships
Remove Ads and Go Orange
Feedback
Music
Pop Music
The Beatles
Song
Album
Lyrics
Bands
Singers
Artist
Clip
Rock
Rap
Classical
Billboard
Country Music
Kpop
Taylor Swift
Music
Pop Music
The Beatles
Song
Album
Lyrics
Bands
Singers
Artist
Clip
Rock
Rap
Classical
Billboard
Country Music
Kpop
Taylor Swift
Random Quiz
Search Sporcle
×
Quiz Lab
Quiz Lab
Music
Type in answers that appear in a list
Type in answers that appear in a list
Classic
Best Score? Go Orange.
She by ZAYN lyrics Stats
Can you name the She by ZAYN lyrics?
By
LadyRae18
10m
299 Questions
164 Plays
164 Plays
164 Plays
Comments
Comments
Give Quiz Kudos
Give Quiz Kudos
-
- Ratings
hide this ad
Replay
Link that replays current quiz
Next Quiz
Link to next quiz in quiz playlist
You Got
0%
They Got
Avg Score
88%
Avg Friend Score
Upgrade to see
Score Distribution
Jump to the score distribution portion of the page
Score
0/299
Timer
10:00
0
Plays Today
Hint
Answer
% Correct
She
100%
She
100%
She
100%
she
100%
She
100%
She
100%
She
100%
She
100%
She
100%
She
100%
she
100%
She
100%
She
100%
She
100%
She
100%
She
100%
She
100%
She
100%
She
100%
She
100%
She
100%
She
100%
She
100%
She
100%
She
100%
She
100%
her
96.3%
her
96.3%
her
96.3%
her
96.3%
her
96.3%
her
96.3%
her
96.3%
her
96.3%
her
96.3%
her
96.3%
her
96.3%
her
96.3%
a
95.1%
the
95.1%
the
95.1%
the
95.1%
the
95.1%
the
95.1%
the
95.1%
the
95.1%
the
95.1%
the
95.1%
the
95.1%
the
95.1%
the
95.1%
the
95.1%
the
95.1%
the
95.1%
the
95.1%
the
95.1%
the
95.1%
in
93.9%
me
93.9%
in
93.9%
in
93.9%
me
93.9%
me
93.9%
in
93.9%
in
93.9%
in
93.9%
in
93.9%
in
93.9%
in
93.9%
in
93.9%
in
93.9%
in
93.9%
in
93.9%
in
93.9%
in
93.9%
in
93.9%
cause
91.5%
to
91.5%
to
91.5%
to
91.5%
to
91.5%
to
91.5%
to
91.5%
Cause
91.5%
to
91.5%
to
91.5%
to
91.5%
to
91.5%
to
91.5%
to
91.5%
to
91.5%
to
91.5%
to
91.5%
to
91.5%
to
91.5%
to
91.5%
to
91.5%
to
91.5%
to
91.5%
to
91.5%
Hint
Answer
% Correct
to
91.5%
to
91.5%
to
91.5%
to
91.5%
to
91.5%
to
91.5%
put
90.9%
put
90.9%
out
90.9%
right
90.9%
right
90.9%
love
90.9%
love
90.9%
right
90.9%
love
90.9%
love
90.9%
right
90.9%
out
90.9%
right
90.9%
right
90.9%
love
90.9%
love
90.9%
right
90.9%
love
90.9%
love
90.9%
right
90.9%
right
90.9%
right
90.9%
love
90.9%
love
90.9%
right
90.9%
love
90.9%
love
90.9%
right
90.9%
right
90.9%
right
90.9%
right
90.9%
right
90.9%
love
90.9%
right
90.9%
love
90.9%
love
90.9%
love
90.9%
right
90.9%
love
90.9%
love
90.9%
right
90.9%
that
90.2%
hold
90.2%
way
90.2%
way
90.2%
that
90.2%
so
90.2%
want
90.2%
hold
90.2%
hold
90.2%
way
90.2%
way
90.2%
way
90.2%
way
90.2%
hold
90.2%
way
90.2%
way
90.2%
way
90.2%
way
90.2%
way
90.2%
way
90.2%
hold
90.2%
way
90.2%
hold
90.2%
way
90.2%
way
90.2%
wants
89.6%
somebody
89.6%
wants
89.6%
somebody
89.6%
wants
89.6%
somebody
89.6%
wants
89.6%
somebody
89.6%
wants
89.6%
somebody
89.6%
wants
89.6%
somebody
89.6%
wants
89.6%
somebody
89.6%
wants
89.6%
somebody
89.6%
wants
89.6%
somebody
89.6%
wants
89.6%
somebody
89.6%
wants
89.6%
somebody
89.6%
wants
89.6%
somebody
89.6%
wants
89.6%
somebody
89.6%
wants
89.6%
somebody
89.6%
Hint
Answer
% Correct
wants
89.6%
somebody
89.6%
wants
89.6%
somebody
89.6%
wants
89.6%
somebody
89.6%
wants
89.6%
somebody
89.6%
it
89%
it
89%
like
88.4%
she's
88.4%
she's
88.4%
she's
88.4%
she's
88.4%
she's
88.4%
She's
88.4%
she's
88.4%
she's
88.4%
she's
88.4%
she's
88.4%
always
86%
I
86%
likes
86%
always
86%
I
86%
I
86%
kiss
85.4%
kiss
85.4%
kiss
85.4%
kiss
85.4%
at
84.1%
at
84.1%
puts
83.5%
cigarette
83.5%
knows
82.3%
lights
82.3%
lights
82.3%
lights
82.3%
lights
82.3%
just
81.7%
you
81.7%
crazy
81.1%
crazy
81.1%
crazy
81.1%
crazy
81.1%
where
80.5%
Bright
80.5%
Feels
80.5%
Bright
80.5%
Feels
80.5%
lonely
80.5%
Bright
80.5%
Feels
80.5%
Bright
80.5%
Feels
80.5%
crowd's
79.3%
loves
79.3%
spirit
78.7%
mouth
78.7%
says
78.7%
it's
78%
baby
78%
baby
78%
when
77.4%
when
77.4%
my
77.4%
don't
77.4%
crying
76.8%
be
76.8%
looks
76.2%
fading
75.6%
fading
75.6%
wanna
75.6%
fading
75.6%
fading
75.6%
nightcap
75%
raining
74.4%
Holding
74.4%
go
73.8%
dance
72.6%
waiting
72%
time
71.3%
won't
71.3%
leave
70.7%
hands
69.5%
slow
68.9%
Making
67.7%
round
61%
but
59.8%
but
59.8%
but
59.8%
but
59.8%
show
57.9%
table
48.8%
startin'
45.1%
when's
42.7%
they
40.9%
Hey
29.9%
Quiz Playlist
Details
Report
Send in Message
Add To Playlist
Classic:
Type in answers that appear in a list
Last Updated: Feb 16, 2017
Quiz Scoreboard
CHALLENGE
Sign Up to Join the Scoreboard
Show All
Scores
Hide
Comments
May contain spoilers
Recently Published
Two Season TV Shows II
by 123Four
Television
10m
Image Sorting: Flags VI
by Barbecue
Geography
2m
Find the 'City' Movie
by crazypaving
Movies
60s
More to Explore
Quiz From the Vault
Featured Blog Post
14 Easter Pick-up Lines to Find Eggs With
hide this ad
You Might Also Like...
Tags
This quiz does not have any tags.
Today's Top Quizzes in Music
Browse Music
hide this ad
Top Contributed Quizzes in Music
1
5X2 Blitz: Bands II
2
5X2 Blitz: The Beatles
3
Taylor Swift All Songs (2024)
4
5X2 Blitz: Billboard
5
5X2 Blitz: Billboard II
6
5X2 Blitz: Album
7
5X2 Blitz: Singers
8
5X2 Blitz: Rock
9
Music Artist by Three 2010s hits
10
5X2 Blitz: Lyrics
Explore More
Trending Topics
Crossword
Anime
NBA
Disney
Marvel
Kpop
Harry Potter
NFL
Puzzle
Pokémon
The Office
WWE
Soccer
Country
Song
hide this ad
More By:
LadyRae18
Quiz
Plays
Rating
Category
Featured
Created
Guess the One Direction songs?
6,490
3.50
Music
May 31, 2016
Love Me or Leave Me by Little Mix lyrics
2,135
4.50
Music
Jul 9, 2016
Would You Mind by PrettyMuch
2,057
5.00
Music
Nov 7, 2017
Do you know which lyrics is ZAYN or One Direction?
1,450
5.00
Music
Jun 8, 2016
What song did Harry Styles sing this line in?
1,396
4.00
Music
Jul 4, 2016
Go to Creator's Profile
Score Distribution
Quiz Creator Spotlight
LadyRae18
Follow
Send a Message
Quizzes Created
-
Created Quiz Play Count
-
More By This Creator
Popular Quizzes Today
1
Find the US States - No Outlines Minefield
2
Colored Red Africa Blitz
3
Find the 'City' Movie
4
5x2 Blitz: Bands
5
The Countries of the World
6
Find the Countries of Europe - No Outlines Minefield
7
Find the US States
8
US States
More Music Quizzes
Missing Word: 2000s Country Songs, A-Z
Curator's Pick
Trending Quizzes
Colored Red Europe Blitz I
Colored Red Africa Blitz II
Colored Red Europe Blitz II
Colored Red Europe Blitz III
Colored Red Africa Blitz III
Recently Updated
How Do You Spell That?
pecheneg
Godzilla Movies
pecheneg
Grab Bag: 4-10 Letters
pecheneg
2024 March Madness Bracket
pecheneg
Famous TV Couples
Peacemaker
Champions League XIs: Real Madrid
pecheneg
Largest US Cities 1790-2010
pecheneg
Rides in Walt Disney World
pecheneg
Most Oscar Losses (Acting)
pecheneg
Beyoncé Albums
pecheneg
Trending Topics
Disney
Harry Potter
Kpop
Crossword
NBA
Anime
Marvel
Soccer
Song
NFL
Country
The Office
Pokémon
WWE
Puzzle
Your Account Isn't Verified!
In order to create a playlist on Sporcle, you need to verify the email address you used during registration. Go to your
Sporcle Settings
to finish the process.
Report this User
Report this user for behavior that violates our
Community Guidelines
.
Details:
Send Report
Go to the Sporcle.com Mobile Site →
Comments